[Event "19. Obert Int. Sant Marti 2017"]
[Site "Barcelona ESP"]
[Date "2017.07.21"]
[Round "9.25"]
[White "Gutierrez Olivares, Daniel"]
[Black "Dardha, Daniel"]
[Result "0-1"]
[WhiteElo "2352"]
[BlackElo "2212"]
[PlyCount "68"]
[EventDate "2017.07.13"]
[EventType "swiss"]
[EventRounds "9"]
[EventCountry "ESP"]
[SourceTitle "Ajedrez en Madrid"]
[Source "lmi"]
[SourceDate "2017.07.13"]
[SourceVersion "1"]
[SourceVersionDate "2019.06.21"]
[SourceQuality "1"]

1. c4 e6 2. Nf3 d5 3. e3 Nf6 4. b3 Be7 5. Bb2 O-O 6. Qc2 c5 7. g4 Nc6 8. a3 d4
9. g5 Ne8 10. Bd3 f5 11. gxf6 Nxf6 12. b4 e5 13. Ng5 h6 14. Nh7 Nxh7 15. Bxh7+
Kh8 16. b5 Bh4 17. bxc6 Rxf2 18. Kd1 Bg4+ 19. Kc1 dxe3 20. Bxe5 Bg5 21. Bc3 e2
22. Kb2 Rf1 23. Bxg7+ Kxg7 24. Nc3 Rxh1 25. Rxh1 Qxd2 26. h4 Qxc2+ 27. Bxc2
Bxh4 28. Nxe2 Bf6+ 29. Nc3 bxc6 30. Rg1 Rb8+ 31. Bb3 h5 32. Kc2 Bd4 33. Re1
Bf5+ 34. Kb2 Bd3 0-1

[Event "19. Obert Int. Sant Marti 2017"]
[Site "Barcelona ESP"]
[Date "2017.07.21"]
[Round "9.26"]
[White "Tejaswini, Sagar"]
[Black "Debarshi, Mukherjee"]
[Result "1/2-1/2"]
[WhiteElo "2160"]
[BlackElo "2301"]
[PlyCount "38"]
[EventDate "2017.07.13"]
[EventType "swiss"]
[EventRounds "9"]
[EventCountry "ESP"]
[SourceTitle "Ajedrez en Madrid"]
[Source "lmi"]
[SourceDate "2017.07.13"]
[SourceVersion "1"]
[SourceVersionDate "2019.06.21"]
[SourceQuality "1"]

1. e4 c5 2. Nf3 d6 3. d4 cxd4 4. Nxd4 Nf6 5. Nc3 a6 6. h3 e5 7. Nde2 h5 8. Bg5
Be6 9. Bxf6 Qxf6 10. Nd5 Qd8 11. Nec3 g6 12. Ne3 Nd7 13. Bc4 Rc8 14. Bb3 Nc5
15. O-O Bh6 16. Qf3 O-O 17. Rfd1 b5 18. Ncd5 Kg7 19. c3 Bxe3 1/2-1/2

[Event "19. Obert Int. Sant Marti 2017"]
[Site "Barcelona ESP"]
[Date "2017.07.21"]
[Round "9.27"]
[White "Kathmale, Sameer"]
[Black "Dalo, Hermes"]
[Result "1-0"]
[WhiteElo "2294"]
[BlackElo "2202"]
[PlyCount "57"]
[EventDate "2017.07.13"]
[EventType "swiss"]
[EventRounds "9"]
[EventCountry "ESP"]
[SourceTitle "Ajedrez en Madrid"]
[Source "lmi"]
[SourceDate "2017.07.13"]
[SourceVersion "1"]
[SourceVersionDate "2019.06.21"]
[SourceQuality "1"]

1. e4 e5 2. Nf3 Nc6 3. d4 exd4 4. Nxd4 Nf6 5. Nxc6 bxc6 6. e5 Qe7 7. Qe2 Nd5 8.
c4 Nb6 9. b3 a5 10. g3 a4 11. Ba3 Qe6 12. Bg2 axb3 13. axb3 Bb4+ 14. Bxb4 Rxa1
15. O-O f5 16. Qb2 Ra8 17. Nd2 Rb8 18. Qc3 Kf7 19. Nf3 h6 20. Nd4 Qg6 21. e6+
dxe6 22. Nxc6 Nd7 23. Ba5 Rb7 24. Rd1 Qf6 25. Rxd7+ Bxd7 26. Ne5+ Ke7 27. Bxb7
Rb8 28. Qb4+ Kd8 29. Qd6 1-0

[Event "19. Obert Int. Sant Marti 2017"]
[Site "Barcelona ESP"]
[Date "2017.07.21"]
[Round "9.28"]
[White "Neffe, Axel"]
[Black "Ajay, Karthikeyan"]
[Result "0-1"]
[WhiteElo "2257"]
[BlackElo "2187"]
[PlyCount "90"]
[EventDate "2017.07.13"]
[EventType "swiss"]
[EventRounds "9"]
[EventCountry "ESP"]
[SourceTitle "Ajedrez en Madrid"]
[Source "lmi"]
[SourceDate "2017.07.13"]
[SourceVersion "1"]
[SourceVersionDate "2019.06.21"]
[SourceQuality "1"]

1. e4 d6 2. d4 Nf6 3. Nc3 g6 4. Bg5 Bg7 5. Qd2 h6 6. Bh4 g5 7. Bg3 Nh5 8. O-O-O
Nxg3 9. hxg3 Nc6 10. Nge2 a6 11. f4 gxf4 12. gxf4 Bg4 13. Qe3 h5 14. Kb1 Qd7
15. Rd3 b5 16. Nc1 b4 17. Nd1 Na5 18. Nf2 c5 19. Nxg4 hxg4 20. Rxh8+ Bxh8 21.
e5 c4 22. Qe4 d5 23. Qh7 O-O-O 24. Rg3 f5 25. exf6 Bxf6 26. Be2 Rh8 27. Qg6 Kc7
28. Bxg4 Qd6 29. Rh3 Rxh3 30. Bxh3 Qxf4 31. c3 Bg5 32. Qc2 Qf1 33. b3 Bxc1 34.
Qxc1 Qd3+ 35. Kb2 cxb3 36. axb3 Nc6 37. Qf4+ Kb7 38. cxb4 Nxd4 39. Qf2 Qxb3+
40. Kc1 Qd3 41. Bg4 Nb3+ 42. Kb2 Nd2 43. Qe2 Nc4+ 44. Kc1 Qc3+ 45. Qc2 Qe3+ 0-1

[Event "19. Obert Int. Sant Marti 2017"]
[Site "Barcelona ESP"]
[Date "2017.07.21"]
[Round "9.29"]
[White "Srijit, Paul"]
[Black "Valls Marti, Artur"]
[Result "1-0"]
[WhiteElo "2247"]
[BlackElo "2140"]
[PlyCount "73"]
[EventDate "2017.07.13"]
[EventType "swiss"]
[EventRounds "9"]
[EventCountry "ESP"]
[SourceTitle "Ajedrez en Madrid"]
[Source "lmi"]
[SourceDate "2017.07.13"]
[SourceVersion "1"]
[SourceVersionDate "2019.06.21"]
[SourceQuality "1"]

1. e4 e5 2. Nf3 Nc6 3. Bc4 Bc5 4. c3 Nf6 5. d3 a6 6. Bb3 O-O 7. h3 d6 8. Nbd2
Ba7 9. Nf1 Ne7 10. Ng3 Ng6 11. O-O c6 12. Nh2 Be6 13. Ng4 Nxg4 14. hxg4 Nf4 15.
Qf3 Bxb3 16. axb3 Ne6 17. Nf5 d5 18. exd5 cxd5 19. b4 Re8 20. Ra5 Nc7 21. c4
Bb6 22. Ra1 e4 23. dxe4 dxe4 24. Qc3 Ne6 25. c5 Bc7 26. Bh6 gxh6 27. Nxh6+ Kf8
28. Qh8+ Ke7 29. Nf5+ Kd7 30. Rfd1+ Kc6 31. Qc3 Qg5 32. Qc4 Bh2+ 33. Kxh2 Qf4+
34. Kg1 Kc7 35. Nd6 Rg8 36. Qd5 Nd8 37. Nb5+ 1-0

[Event "19. Obert Int. Sant Marti 2017"]
[Site "Barcelona ESP"]
[Date "2017.07.21"]
[Round "9.30"]
[White "Glimbrant, Torbjorn"]
[Black "Sapale, Saloni"]
[Result "1/2-1/2"]
[WhiteElo "2238"]
[BlackElo "2049"]
[PlyCount "28"]
[EventDate "2017.07.13"]
[EventType "swiss"]
[EventRounds "9"]
[EventCountry "ESP"]
[SourceTitle "Ajedrez en Madrid"]
[Source "lmi"]
[SourceDate "2017.07.13"]
[SourceVersion "1"]
[SourceVersionDate "2019.06.21"]
[SourceQuality "1"]

1. c4 Nf6 2. Nc3 d5 3. cxd5 Nxd5 4. d4 g6 5. e4 Nxc3 6. bxc3 Bg7 7. Bc4 c5 8.
Ne2 O-O 9. O-O Qc7 10. Bb3 Nc6 11. Ba3 cxd4 12. cxd4 Rd8 13. Rc1 Qa5 14. Bb2
Qb6 1/2-1/2

[Event "19. Obert Int. Sant Marti 2017"]
[Site "Barcelona ESP"]
[Date "2017.07.21"]
[Round "9.31"]
[White "Frayna, Janelle Mae"]
[Black "Gonzalez Saguillo, Oriol"]
[Result "1/2-1/2"]
[WhiteElo "2235"]
[BlackElo "2077"]
[PlyCount "78"]
[EventDate "2017.07.13"]
[EventType "swiss"]
[EventRounds "9"]
[EventCountry "ESP"]
[SourceTitle "Ajedrez en Madrid"]
[Source "lmi"]
[SourceDate "2017.07.13"]
[SourceVersion "1"]
[SourceVersionDate "2019.06.21"]
[SourceQuality "1"]

1. e4 e5 2. Nf3 Nc6 3. Bc4 Bc5 4. c3 Nf6 5. d3 d6 6. Bb3 a6 7. h3 Ba7 8. Nbd2
O-O 9. Nf1 Nh5 10. Bg5 Qe8 11. Qd2 Kh8 12. g4 f6 13. Be3 Nf4 14. Bxf4 exf4 15.
O-O-O Na5 16. Bc2 Be6 17. c4 Nc6 18. Qxf4 b5 19. Ne3 bxc4 20. dxc4 Nb4 21. Nd4
Nxa2+ 22. Kb1 Nb4 23. Nxe6 Qxe6 24. Bb3 Rfe8 25. Nd5 Nxd5 26. exd5 Qe5 27. Qxe5
fxe5 28. f3 Rf8 29. Rd3 Rf4 30. Rc1 Bd4 31. Re1 Raf8 32. Bd1 a5 33. Ra3 Bb6 34.
Ra4 g6 35. b3 Kg7 36. Ra2 Kf6 37. h4 h5 38. gxh5 gxh5 39. Re4 Ke7 1/2-1/2

[Event "19. Obert Int. Sant Marti 2017"]
[Site "Barcelona ESP"]
[Date "2017.07.21"]
[Round "9.32"]
[White "Aishwin, Daniel"]
[Black "Miranda Llanes, Yerisbel"]
[Result "1/2-1/2"]
[WhiteElo "2031"]
[BlackElo "2285"]
[PlyCount "57"]
[EventDate "2017.07.13"]
[EventType "swiss"]
[EventRounds "9"]
[EventCountry "ESP"]
[SourceTitle "Ajedrez en Madrid"]
[Source "lmi"]
[SourceDate "2017.07.13"]
[SourceVersion "1"]
[SourceVersionDate "2019.06.21"]
[SourceQuality "1"]

1. e4 e5 2. Nf3 Nc6 3. Bc4 Bc5 4. c3 Nf6 5. d3 d6 6. Bb3 h6 7. O-O O-O 8. Re1
Ng4 9. Rf1 Kh8 10. d4 Bb6 11. h3 Nf6 12. dxe5 Nxe4 13. exd6 Nxd6 14. Bf4 Qf6
15. Bxd6 cxd6 16. Bc2 Ne5 17. Nbd2 Be6 18. Qe2 Rfe8 19. Qe4 Nxf3+ 20. Qxf3 Qg5
21. Qd3 g6 22. Nf3 Qf4 23. Qd2 Qxd2 24. Nxd2 Kg7 25. a3 Bd5 26. Rfe1 Re5 27.
Nf3 Bxf3 28. gxf3 Rae8 29. Kf1 1/2-1/2

[Event "19. Obert Int. Sant Marti 2017"]
[Site "Barcelona ESP"]
[Date "2017.07.21"]
[Round "9.33"]
[White "Buchenau, Frank"]
[Black "Garcia Gil, Javier"]
[Result "1-0"]
[WhiteElo "2279"]
[BlackElo "2116"]
[PlyCount "87"]
[EventDate "2017.07.13"]
[EventType "swiss"]
[EventRounds "9"]
[EventCountry "ESP"]
[SourceTitle "Ajedrez en Madrid"]
[Source "lmi"]
[SourceDate "2017.07.13"]
[SourceVersion "1"]
[SourceVersionDate "2019.06.21"]
[SourceQuality "1"]

1. e4 c6 2. Nf3 d5 3. Nc3 Bg4 4. d4 e6 5. h3 Bxf3 6. gxf3 Nd7 7. Qd3 Ne7 8. Be3
Ng6 9. O-O-O Bb4 10. Kb1 a5 11. Ne2 b5 12. f4 dxe4 13. Qxe4 Ne7 14. Rg1 g6 15.
Nc1 Nd5 16. Nd3 N7b6 17. Ne5 Qd6 18. c4 bxc4 19. Nxc4 Nxc4 20. Bxc4 Rb8 21. Bb3
Bc3 22. Bc1 Bxb2 23. Bxb2 a4 24. Bxd5 cxd5 25. Qe5 Qxe5 26. fxe5 a3 27. Rd2 Kd7
28. Rg3 axb2 29. Rf3 Rhc8 30. Rxb2 Rxb2+ 31. Kxb2 Ke7 32. Rc3 Rb8+ 33. Rb3 Rc8
34. a4 Rc4 35. Rb7+ Kf8 36. Kb3 Rxd4 37. a5 Rd1 38. Ka2 Rd4 39. Rb3 Rd2+ 40.
Ka3 Rc2 41. Ka4 Rc5 42. a6 Rc8 43. a7 Kg7 44. Rb8 1-0

[Event "19. Obert Int. Sant Marti 2017"]
[Site "Barcelona ESP"]
[Date "2017.07.21"]
[Round "9.34"]
[White "Carrasco Rodriguez, Jesus"]
[Black "Martinez, Ayelen"]
[Result "1-0"]
[WhiteElo "2181"]
[BlackElo "2279"]
[PlyCount "83"]
[EventDate "2017.07.13"]
[EventType "swiss"]
[EventRounds "9"]
[EventCountry "ESP"]
[SourceTitle "Ajedrez en Madrid"]
[Source "lmi"]
[SourceDate "2017.07.13"]
[SourceVersion "1"]
[SourceVersionDate "2019.06.21"]
[SourceQuality "1"]

1. e4 c5 2. Nc3 d6 3. f4 Nc6 4. Nf3 Nf6 5. Bb5 e6 6. O-O Be7 7. e5 Nd7 8. Bxc6
bxc6 9. d3 Rb8 10. Qe1 O-O 11. Qg3 f6 12. exd6 Bxd6 13. Ne4 Bc7 14. b3 e5 15.
f5 Nb6 16. Nh4 Nd5 17. Kh1 Qe7 18. Ba3 Bb6 19. Rae1 Nb4 20. Ng6 Qd8 21. Bxb4
cxb4 22. Nxf8 Qxf8 23. c3 a5 24. Rc1 Bd7 25. d4 exd4 26. cxd4 Rd8 27. Nc5 Bc8
28. Qe3 Rd5 29. Ne6 Qe8 30. Rce1 Qd7 31. Qe4 Qf7 32. Rf3 g6 33. fxg6 hxg6 34.
Nf4 Rxd4 35. Qxc6 Bc7 36. h3 Bxf4 37. Qxc8+ Kg7 38. Qc5 Rd5 39. Qc6 Be5 40.
Rff1 Rd6 41. Qc8 Qe7 42. Rd1 1-0

[Event "19. Obert Int. Sant Marti 2017"]
[Site "Barcelona ESP"]
[Date "2017.07.21"]
[Round "9.35"]
[White "Blasco Coll, Andreu"]
[Black "Yao, Lan"]
[Result "0-1"]
[WhiteElo "2144"]
[BlackElo "2273"]
[PlyCount "58"]
[EventDate "2017.07.13"]
[EventType "swiss"]
[EventRounds "9"]
[EventCountry "ESP"]
[SourceTitle "Ajedrez en Madrid"]
[Source "lmi"]
[SourceDate "2017.07.13"]
[SourceVersion "1"]
[SourceVersionDate "2019.06.21"]
[SourceQuality "1"]

1. d4 Nf6 2. c4 e6 3. Nc3 Bb4 4. e3 O-O 5. Nge2 d5 6. a3 Be7 7. cxd5 exd5 8.
Nf4 c6 9. Bd3 Bd6 10. O-O Re8 11. f3 Qc7 12. g3 Bxf4 13. exf4 Nbd7 14. f5 Qb6
15. Bc2 c5 16. Bf4 Qxb2 17. Na4 Qxd4+ 18. Qxd4 cxd4 19. Rad1 b5 20. Nb2 Nb6 21.
Rxd4 Bd7 22. Bd3 Rac8 23. g4 Bc6 24. Nd1 Nfd7 25. Nc3 a6 26. Rb1 Bb7 27. Bd2
Ne5 28. Be2 Nbc4 29. a4 Nxd2 0-1

[Event "19. Obert Int. Sant Marti 2017"]
[Site "Barcelona ESP"]
[Date "2017.07.21"]
[Round "9.36"]
[White "Abhilash, Reddy M.L."]
[Black "Deshmukh, Anup"]
[Result "1/2-1/2"]
[WhiteElo "2133"]
[BlackElo "2241"]
[PlyCount "89"]
[EventDate "2017.07.13"]
[EventType "swiss"]
[EventRounds "9"]
[EventCountry "ESP"]
[SourceTitle "Ajedrez en Madrid"]
[Source "lmi"]
[SourceDate "2017.07.13"]
[SourceVersion "1"]
[SourceVersionDate "2019.06.21"]
[SourceQuality "1"]

1. d4 Nf6 2. Bg5 g6 3. Bxf6 exf6 4. e3 Bg7 5. Nd2 O-O 6. g3 Re8 7. Ne2 d5 8.
Bg2 c6 9. O-O Bg4 10. h3 Bxe2 11. Qxe2 f5 12. c4 dxc4 13. Qxc4 Nd7 14. Rfd1 h5
15. Nf3 Qe7 16. b4 Rad8 17. Rac1 a6 18. a3 Bh6 19. Re1 Qd6 20. Rcd1 Re7 21. Qb3
Rde8 22. a4 Bg7 23. b5 cxb5 24. axb5 a5 25. Qc4 Bf8 26. Rc1 Qb6 27. h4 Bh6 28.
Ng5 Qf6 29. Nh3 f4 30. Nxf4 Bxf4 31. gxf4 Qxh4 32. Qd5 Nf6 33. Qg5 Qxg5 34.
fxg5 Ne4 35. Bxe4 Rxe4 36. Kf1 Rg4 37. f4 f6 38. gxf6 Kf7 39. Kf2 Kxf6 40. Kf3
g5 41. Rh1 gxf4 42. exf4 Kg6 43. Rce1 Rf8 44. Re6+ Kg7 45. Re7+ 1/2-1/2

[Event "19. Obert Int. Sant Marti 2017"]
[Site "Barcelona ESP"]
[Date "2017.07.21"]
[Round "9.37"]
[White "Capellades Subirana, Marc"]
[Black "Kyrkjebo, Erlend"]
[Result "1/2-1/2"]
[WhiteElo "2237"]
[BlackElo "2085"]
[PlyCount "62"]
[EventDate "2017.07.13"]
[EventType "swiss"]
[EventRounds "9"]
[EventCountry "ESP"]
[SourceTitle "Ajedrez en Madrid"]
[Source "lmi"]
[SourceDate "2017.07.13"]
[SourceVersion "1"]
[SourceVersionDate "2019.06.21"]
[SourceQuality "1"]

1. e4 c5 2. Nf3 d6 3. d4 cxd4 4. Nxd4 Nf6 5. Nc3 g6 6. Be3 Bg7 7. Be2 O-O 8.
O-O Nc6 9. h3 d5 10. Bf3 Nxd4 11. Bxd4 dxe4 12. Nxe4 Nxe4 13. Bxg7 Kxg7 14.
Qxd8 Rxd8 15. Bxe4 e5 16. Rfd1 Be6 17. b3 Rxd1+ 18. Rxd1 Rc8 19. c4 b6 20. Kf1
Kf6 21. Ke2 Ke7 22. Bd5 Rd8 23. Bxe6 Rxd1 24. Kxd1 Kxe6 25. Kd2 f5 26. Kd3 Kd6
27. b4 Kc6 28. a3 Kd6 29. Ke3 Kc6 30. Kf3 Kd6 31. Ke3 Kc6 1/2-1/2

[Event "19. Obert Int. Sant Marti 2017"]
[Site "Barcelona ESP"]
[Date "2017.07.21"]
[Round "9.38"]
[White "Asensio Linan, Teodoro"]
[Black "Vergara Jofre, Felipe"]
[Result "1-0"]
[WhiteElo "2126"]
[BlackElo "2234"]
[PlyCount "79"]
[EventDate "2017.07.13"]
[EventType "swiss"]
[EventRounds "9"]
[EventCountry "ESP"]
[SourceTitle "Ajedrez en Madrid"]
[Source "lmi"]
[SourceDate "2017.07.13"]
[SourceVersion "1"]
[SourceVersionDate "2019.06.21"]
[SourceQuality "1"]

1. d4 Nf6 2. Bf4 d5 3. Nf3 c5 4. e3 Nc6 5. c3 Qb6 6. Qc2 cxd4 7. exd4 Bf5 8.
Qb3 Nd7 9. Qxd5 Qxb2 10. Qxf5 Qxa1 11. Qc2 Rc8 12. Bb5 a6 13. Bxc6 Rxc6 14.
Nfd2 e5 15. Nb3 Rxc3 16. Qxc3 Qxb1+ 17. Bc1 Qe4+ 18. Kf1 Be7 19. Qc8+ Bd8 20.
Qxd7+ Kxd7 21. Nc5+ Kc6 22. Nxe4 exd4 23. Ke2 f5 24. Ng3 g6 25. Kd3 Kd5 26. Bb2
Bf6 27. Rc1 Be5 28. Ne2 Re8 29. g3 b5 30. Rc2 g5 31. Nxd4 Bxd4 32. Bxd4 Re1 33.
Be3 f4 34. gxf4 gxf4 35. Bxf4 Rd1+ 36. Rd2 Ra1 37. Kc3+ Ke4 38. Kb2 Re1 39. Bg3
a5 40. f3+ 1-0

[Event "19. Obert Int. Sant Marti 2017"]
[Site "Barcelona ESP"]
[Date "2017.07.21"]
[Round "9.39"]
[White "Sama Salinas, Hector"]
[Black "Chakravarthy, Y V K."]
[Result "1/2-1/2"]
[WhiteElo "2205"]
[BlackElo "2006"]
[PlyCount "71"]
[EventDate "2017.07.13"]
[EventType "swiss"]
[EventRounds "9"]
[EventCountry "ESP"]
[SourceTitle "Ajedrez en Madrid"]
[Source "lmi"]
[SourceDate "2017.07.13"]
[SourceVersion "1"]
[SourceVersionDate "2019.06.21"]
[SourceQuality "1"]

1. d4 d5 2. Nf3 c6 3. Bg5 h6 4. Bh4 Bf5 5. c3 Nd7 6. e3 Qb6 7. Qb3 Ngf6 8. Nbd2
e6 9. c4 dxc4 10. Bxc4 Qxb3 11. Nxb3 Nb6 12. Be2 Bb4+ 13. Kd1 Na4 14. Kc1 g5
15. Bg3 Ne4 16. Nbd2 h5 17. Nxe4 Bxe4 18. h3 f6 19. Bd1 Nb6 20. Bc2 Bxc2 21.
Kxc2 Kf7 22. Rac1 Rac8 23. Kb1 c5 24. dxc5 Bxc5 25. Rhd1 Be7 26. Nd4 Rxc1+ 27.
Rxc1 Rc8 28. Rxc8 Nxc8 29. Kc2 e5 30. Nb5 a6 31. Nc3 Ke6 32. e4 h4 33. Bh2 Bc5
34. f3 Nd6 35. Kd3 Bd4 36. a4 1/2-1/2

[Event "19. Obert Int. Sant Marti 2017"]
[Site "Barcelona ESP"]
[Date "2017.07.21"]
[Round "9.40"]
[White "Perales Galindo, Eduard"]
[Black "Sumit, Kumar"]
[Result "1/2-1/2"]
[WhiteElo "2185"]
[BlackElo "1975"]
[PlyCount "34"]
[EventDate "2017.07.13"]
[EventType "swiss"]
[EventRounds "9"]
[EventCountry "ESP"]
[SourceTitle "Ajedrez en Madrid"]
[Source "lmi"]
[SourceDate "2017.07.13"]
[SourceVersion "1"]
[SourceVersionDate "2019.06.21"]
[SourceQuality "1"]

1. c4 e5 2. Nc3 Nf6 3. Nf3 Nc6 4. d3 h6 5. g3 Bb4 6. Bd2 O-O 7. Nd5 Bxd2+ 8.
Qxd2 d6 9. Nxf6+ Qxf6 10. Bg2 Be6 11. O-O d5 12. cxd5 Bxd5 13. b4 Rad8 14. Qc3
Bxf3 15. Bxf3 Nd4 16. Qxc7 Nxf3+ 17. exf3 Qxf3 1/2-1/2

[Event "19. Obert Int. Sant Marti 2017"]
[Site "Barcelona ESP"]
[Date "2017.07.21"]
[Round "9.41"]
[White "Romero Echeverria, Abigail"]
[Black "Serarols Mabras, Bernat"]
[Result "0-1"]
[WhiteElo "2109"]
[BlackElo "2308"]
[PlyCount "68"]
[EventDate "2017.07.13"]
[EventType "swiss"]
[EventRounds "9"]
[EventCountry "ESP"]
[SourceTitle "Ajedrez en Madrid"]
[Source "lmi"]
[SourceDate "2017.07.13"]
[SourceVersion "1"]
[SourceVersionDate "2019.06.21"]
[SourceQuality "1"]

1. e4 c6 2. d4 d5 3. e5 Bf5 4. g4 Be4 5. f3 Bg6 6. Nh3 e6 7. Bg2 c5 8. c3 Nc6
9. Nf4 Qb6 10. Nxg6 hxg6 11. dxc5 Bxc5 12. Qe2 Qd8 13. Bf4 g5 14. Bg3 Nge7 15.
h4 Ng6 16. hxg5 Rxh1+ 17. Bxh1 Qxg5 18. Nd2 Qe3 19. Qxe3 Bxe3 20. Ke2 Bf4 21.
Bf2 Bxe5 22. Nb3 O-O-O 23. Rd1 Rh8 24. Nc5 Rh2 25. Nd3 Bg3 26. Ke3 Bc7 27. Rg1
Bb6+ 28. Ke2 Nf4+ 29. Nxf4 Rxf2+ 30. Kd1 Rxb2 31. Rf1 Rxa2 32. Nd3 Ra1+ 33. Ke2
Rxf1 34. Kxf1 Ba5 0-1

[Event "19. Obert Int. Sant Marti 2017"]
[Site "Barcelona ESP"]
[Date "2017.07.21"]
[Round "9.42"]
[White "Rios Parra, Alejandro"]
[Black "Degraeve, Thomas"]
[Result "1-0"]
[WhiteElo "2342"]
[BlackElo "2008"]
[PlyCount "107"]
[EventDate "2017.07.13"]
[EventType "swiss"]
[EventRounds "9"]
[EventCountry "ESP"]
[SourceTitle "Ajedrez en Madrid"]
[Source "lmi"]
[SourceDate "2017.07.13"]
[SourceVersion "1"]
[SourceVersionDate "2019.06.21"]
[SourceQuality "1"]

1. Nf3 b6 2. g3 Bb7 3. Bg2 e5 4. O-O e4 5. Nd4 c5 6. Nf5 g6 7. Ne3 d5 8. d3 f5
9. c4 d4 10. Nd5 Nf6 11. Bg5 Be7 12. Bxf6 Bxf6 13. dxe4 Bxd5 14. exd5 Nd7 15.
Nd2 O-O 16. Qc2 Re8 17. Nf3 Ne5 18. Rad1 Qd6 19. Nxe5 Rxe5 20. Rd3 Rae8 21. Bf3
g5 22. h3 Qd7 23. g4 f4 24. Ra3 R5e7 25. Qa4 Qxa4 26. Rxa4 Be5 27. Ra6 Rd8 28.
a4 Bd6 29. Rd1 h6 30. Rd3 Rdd7 31. Kf1 Kg7 32. Rb3 Kf7 33. Ke1 Kg7 34. Kd2 Kf7
35. Kd3 Kg7 36. Be4 Kf7 37. Bf5 Rb7 38. a5 Bc7 39. Bc8 Rb8 40. Be6+ Kf6 41.
Rxa7 bxa5 42. Rxb8 Bxb8 43. Rxa5 Rb7 44. Kc2 Bd6 45. Ra8 Rb4 46. b3 Rb7 47. Bf5
Kg7 48. Ra6 Bf8 49. d6 Rb8 50. d7 Rd8 51. Kd3 Kf7 52. Ke4 Kg7 53. Kd5 Be7 54.
Rg6+ 1-0

[Event "19. Obert Int. Sant Marti 2017"]
[Site "Barcelona ESP"]
[Date "2017.07.21"]
[Round "9.43"]
[White "Garcia Espelta, Josep"]
[Black "Ventura Bolet, Maxim"]
[Result "1/2-1/2"]
[WhiteElo "2052"]
[BlackElo "2262"]
[PlyCount "75"]
[EventDate "2017.07.13"]
[EventType "swiss"]
[EventRounds "9"]
[EventCountry "ESP"]
[SourceTitle "Ajedrez en Madrid"]
[Source "lmi"]
[SourceDate "2017.07.13"]
[SourceVersion "1"]
[SourceVersionDate "2019.06.21"]
[SourceQuality "1"]

1. e4 c6 2. d4 d5 3. e5 g6 4. c3 Bg7 5. Bf4 a5 6. Bd3 Qb6 7. Qb3 Qc7 8. Ne2 e6
9. Nd2 Ne7 10. O-O Nd7 11. c4 Qd8 12. c5 f6 13. exf6 Bxf6 14. Nf3 O-O 15. Bd6
Bg7 16. Nf4 Rf6 17. Ng5 Nf8 18. Be5 Rxf4 19. Bxf4 Bxd4 20. Bd6 Nf5 21. Nf3 Nxd6
22. Nxd4 Nf7 23. f4 Qe7 24. Qc3 Nd7 25. Rac1 e5 26. fxe5 Ndxe5 27. Rce1 Qg5 28.
Nf3 Nxf3+ 29. Rxf3 Bg4 30. Rfe3 Rf8 31. Re7 Bf3 32. Bf1 Be4 33. Rxb7 Ne5 34.
Qg3 Qd2 35. Re2 Qc1 36. Re1 Qd2 37. Re2 Qc1 38. Re1 1/2-1/2

[Event "19. Obert Int. Sant Marti 2017"]
[Site "Barcelona ESP"]
[Date "2017.07.21"]
[Round "9.44"]
[White "Sanchez Jerez, Emilio Miguel"]
[Black "Avdhoot, Lendhe"]
[Result "0-1"]
[WhiteElo "2216"]
[BlackElo "2034"]
[PlyCount "108"]
[EventDate "2017.07.13"]
[EventType "swiss"]
[EventRounds "9"]
[EventCountry "ESP"]
[SourceTitle "Ajedrez en Madrid"]
[Source "lmi"]
[SourceDate "2017.07.13"]
[SourceVersion "1"]
[SourceVersionDate "2019.06.21"]
[SourceQuality "1"]

1. e4 c6 2. Nc3 d5 3. Nf3 Nf6 4. e5 Ne4 5. Ne2 Qb6 6. d4 e6 7. Ng3 c5 8. Bd3
Nxg3 9. fxg3 cxd4 10. O-O Nc6 11. Qe2 h6 12. a3 a5 13. g4 Be7 14. g5 Bd7 15.
gxh6 gxh6 16. Bd2 Kd8 17. Kh1 Kc7 18. Rab1 Rhg8 19. b4 axb4 20. axb4 Ra4 21. b5
Nb4 22. Bxh6 Nxd3 23. cxd3 Kb8 24. h4 Bxb5 25. Ng5 Qa6 26. Rb3 Rb4 27. Rxb4
Bxb4 28. Rf3 Be7 29. Kh2 Rg6 30. Nxf7 Bxh4 31. Bf8 Rg8 32. Bd6+ Ka8 33. Qb2 Be1
34. Bb4 Bh4 35. Bc5 Bxd3 36. Nh6 Rh8 37. Qd2 Bd8 38. Kg3 Bc7 39. Ng4 Bb5 40.
Ra3 Ba4 41. Qxd4 b5 42. Nf6 Rd8 43. Kf4 Kb7 44. g4 Qa5 45. Rc3 Bd1 46. Bb4 Qa4
47. Ra3 Bb6 48. Rxa4 Bxd4 49. Ra5 Bb6 50. Ra2 Rc8 51. Bd6 Rc4+ 52. Kg3 b4 53.
Rd2 Bc2 54. g5 b3 0-1

[Event "19. Obert Int. Sant Marti 2017"]
[Site "Barcelona ESP"]
[Date "2017.07.21"]
[Round "9.45"]
[White "Rodriguez Vega, Blas"]
[Black "Degraeve, Remy"]
[Result "0-1"]
[WhiteElo "2048"]
[BlackElo "2164"]
[PlyCount "88"]
[EventDate "2017.07.13"]
[EventType "swiss"]
[EventRounds "9"]
[EventCountry "ESP"]
[SourceTitle "Ajedrez en Madrid"]
[Source "lmi"]
[SourceDate "2017.07.13"]
[SourceVersion "1"]
[SourceVersionDate "2019.06.21"]
[SourceQuality "1"]

1. d4 d6 2. Nf3 g6 3. Bf4 Bg7 4. e3 Nd7 5. h3 e5 6. Bh2 f5 7. Bc4 Nh6 8. Nc3 c6
9. dxe5 dxe5 10. Qd6 e4 11. Nd4 Nb6 12. Qxd8+ Kxd8 13. Ne6+ Ke7 14. Nxg7 Nxc4
15. b3 Nb6 16. Be5 Rg8 17. g4 Nd7 18. Bd4 c5 19. Nd5+ Kd6 20. Nf6 Nxf6 21. Bxf6
fxg4 22. Rd1+ Kc6 23. h4 g3 24. fxg3 Bg4 25. Rd2 Raf8 26. Bg5 Nf7 27. Bf6 h5
28. O-O Bf3 29. Ne6 Re8 30. Ng5 Nxg5 31. Bxg5 Rg7 32. Bf4 Ree7 33. Rff2 Kb5 34.
a3 Rd7 35. Kf1 c4 36. a4+ Kc5 37. Ke1 c3 38. Rd4 Rxd4 39. exd4+ Kxd4 40. Bg5
Kc5 41. Rf1 Kb4 42. Kf2 Rd7 43. Bc1 Rd1 44. Re1 Rd2+ 0-1